LIBRARY ONLINE CATALOGUE

Tyndale New Testament Commentaries : (Record no. 20308)

MARC details
000 -LEADER
fixed length control field 00428nam a22001337a 4500
008 - FIXED-LENGTH DATA ELEMENTS--GENERAL INFORMATION
fixed length control field 230919b |||||||| |||| 00| 0 eng d
020 ## - INTERNATIONAL STANDARD BOOK NUMBER
International Standard Book Number 978-0830842872
050 ## - LIBRARY OF CONGRESS CALL NUMBER
Classification number BS2825.53
Item number .M66 2015
100 ## - MAIN ENTRY--PERSONAL NAME
Personal name Moo, Douglas J.
245 ## - TITLE STATEMENT
Title Tyndale New Testament Commentaries :
Remainder of title James an introduction and commentary
Statement of responsibility, etc. Douglas J. Moo
260 ## - PUBLICATION, DISTRIBUTION, ETC. (IMPRINT)
Place of publication, distribution, etc. Downer Grove, Illinois
Name of publisher, distributor, etc. Inter-Varsity Press
Date of publication, distribution, etc. 2015
300 ## - PHYSICAL DESCRIPTION
Extent 238p.
942 ## - ADDED ENTRY ELEMENTS (KOHA)
Source of classification or shelving scheme Library of Congress Classification
Koha item type General Collection
Holdings
Withdrawn status Lost status Source of classification or shelving scheme Not for loan Home library Current library Date acquired Cost, normal purchase price Inventory number Total Checkouts Full call number Barcode Date last seen Copy number Price effective from Koha item type
    Library of Congress Classification   Kabarak, Main Campus Kabarak, Main Campus 19/09/2023 2088.00 1030/2022   BS2825.53 .M66 2015 Vol. 16 C.1 032562 02/08/2024 C.1 19/09/2023 General Collection